Los 20 países más pequeños del mundo - Estadísticas

Estadísticas generales
  • Esta prueba ha sido intentada 1.140 veces
  • La puntuación promedio es 13 de 20
Estadísticas de respuestas
Superficie (km²) Respuesta % Correcto
0.44 Ciudad del Vaticano
91%
2 Mónaco
91%
61 San Marino
90%
468 Andorra
88%
160 Liechtenstein
75%
616 Santa Lucía
71%
21 Nauru
69%
26 Tuvalu
69%
316 Malta
68%
344 Granada
67%
430 Barbados
62%
697 Singapur
62%
459 Palaos
58%
455 Seychelles
56%
298 Maldivas
55%
702 Estados federados de Micronesia
54%
181 Islas Marshall
54%
389 San Vicente y las Granadinas
53%
443 Antigua y Barbuda
32%
261 San Cristóbal y Nieves
26%
No se encontraron pruebas coincidentes
Distribución de puntuación
Porcentaje de gente con cada puntuación
Porcentaje por número respondido
Historial de tus puntuaciones
No has intentado esta prueba.